St. Louis Cardinals--Retired Numbers - Statistics

General Stats
  • This quiz has been taken 156 times
  • The average score is 8 of 12
Answer Stats
Number Position Answer % Correct
1 SS Ozzie Smith
95%
6 1B, OF Stan Musial
92%
45 P Bob Gibson
84%
10 Manager Tony La Russa
78%
20 LF Lou Brock
72%
24 Manager Whitey Herzog
61%
42 RP Bruce Sutter
53%
17 P Dizzy Dean
53%
85 Owner August Busch Jr.
52%
9 RF Enos Slaughter
48%
14 3B, CF Ken Boyer
39%
2 2B, LF Red Schoendienst
34%
No matching quizzes found
Score Distribution
Percent of People with Each Score
Percentile by Number Answered
Your Score History
You have not taken this quiz